000 00655nam a2200229Ia 4500
003 OSt
005 20230511114641.0
008 210423s2010 xx 000 0 und d
020 _a978-93-80026-76-3
040 _cAL
041 _aeng
082 _a511.5 MITT
100 _aMITTAL (Harish);GOYAL (Vinay Kumar);GOYAL (Deepak Kumar)
_9102821
245 _aTextbook of discrete mathematics
260 _aNew Delhi
_bI K International Publishing House
_c2010
300 _axvi,412p
_bPB
365 _b265
_cINR
650 _aGraphs Theory
_9102822
650 _aMathematics
_9102823
906 _adiscrete ; mathematics ; Textbook
942 _2ddc
_cBK
999 _c165945
_d165945